Ulice w Gdańsku zaczynające się na B - Statystyki

Ogólne statystyki
  • Ten quiz został rozwiązany 13 razy
    11 od ostatniego zresetowania
  • Średni wynik to 30 z 108
Statystyki odpowiedzi
Odpowiedź % Poprawnych
Białostocka
86%
Biała
71%
Bliska
71%
Borówkowa
71%
Brzozowa
71%
Bacha
57%
Baczyńskiego
57%
Batorego
57%
Bażantowa
57%
Bażyńskiego
57%
Beethovena
57%
Belgradzka
57%
Boczna
57%
Borkowska
57%
Botaniczna
57%
Budapesztańska
57%
Budowlanych
57%
Bukowa
57%
Bydgoska
57%
Bytowska
57%
Balcerskiego
43%
Baśniowa
43%
Bednarska
43%
Bema
43%
Beskidzka
43%
Białowieska
43%
Biwakowa
43%
Błękitna
43%
Borska
43%
Bracka
43%
Brzeźnieńska
43%
Bulońska
43%
Bursztynowa
43%
Bysewska
43%
Bzowa
43%
Bajana
29%
Bajki
29%
Bałtycka
29%
Banińska
29%
Barniewicka
29%
Bartka
29%
Basztowa
29%
Batalionów Chłopskich
29%
Beniowskiego
29%
Benzynowa
29%
Białoszewskiego
29%
Biegańskiego
29%
Bieszczadzka
29%
Biskupia
29%
Bitwy Oliwskiej
29%
Bobrowa
29%
Bohaterów Getta Warszawskiego
29%
Bora-Komorowskiego
29%
Borsucza
29%
Bosmańska
29%
Braci Lewoniewskich
29%
Braci Majewskich
29%
Bramińskiego
29%
Bratki
29%
Brodnicka
29%
Bruskiego
29%
Brzechwy
29%
Brzoskwiniowa
29%
Burgaska
29%
Barkoczyńska
14%
Bartnicza
14%
Barwna
14%
Barzychowskiej
14%
Begoniowa
14%
Bergiela
14%
Betoniarzy
14%
Biernackiego
14%
Biologiczna
14%
Bitwy pod Lenino
14%
Bluszczowa
14%
Bogusławskiego
14%
Borchardta
14%
Borowskiego
14%
Browarna
14%
Brukowa
14%
Brylantowa
14%
Brzegi
14%
Budowniczych Portu Północnego
14%
Bacewicz
0%
Bądkowskiego
0%
Barokowa
0%
Będomińska
0%
Bellinga
0%
Bereniki
0%
Białego
0%
Bielańska
0%
Bieszkowicka
0%
Bliźniąt
0%
Blizowa
0%
Błońska
0%
Boguckiego
0%
Bohomolca
0%
Borucińska
0%
Broniewskiego
0%
Browicza
0%
Brożka
0%
Brygidki
0%
Budziszów
0%
Budzysza
0%
Bukowskiego
0%
Burzyńskiego
0%
Bystrzycka
0%
Nie znaleziono quizów pasujących do podanych kryteriów
Rozkład punktacji
Procent ludzi z każdym wynikiem
Percentyl według liczby udzielonych odpowiedzi
Twoja historia wyników
Nie rozwiązałeś tego quizu od ostatniego zresetowania